Les 10 Réseaux sociaux les plus utilisés en France - Statistiques

Statistiques générales
  • Ce quiz a été pris 213 fois
  • Le résultat moyen est 6 sur 10
Statistiques - réponses
Placement Pourcentage d'utilisation Réseau social % Correct
3 60,3 % Instagram
98%
1 72,3 % Facebook
96%
5 43,2 % Snapchat
95%
6 39,4 % TikTok
86%
7 30,2 % X
79%
2 63,7 % WhatsApp
74%
4 57,1 % Messenger
55%
8 28,1 % Pinterest
36%
9 27,6 % iMessage
6%
10 25,3 % LinkedIn
5%
Aucun quiz correspondant
Distribution des résultats
% des personnes avec chaque résultat
Percentile par nombre de réponses
Votre historique - résultats
Vous n’avez pas pris ce quiz